000 00820cam a2200277 i 4500
001 200468073
003 TR-AnTOB
005 20260413141927.0
007 ta
008 720720s1956 uk 000 1 eng d
010 _a 56006169 /L/r
040 _aDLC
_beng
_erda
_cCIN
_dSER
_dOCL
_dPUL
_dTR-AnTOB
041 0 _aeng
050 0 0 _aPQ4829.O62
_bB58 1964
090 _aPQ4829.O62
_bB58 1964
100 1 _aMoravia, Alberto,
_d1907-1990
_eauthor
_9145651
245 1 0 _aBitter honeymoon :
_band other stories /
_cAlberto Moravia.
264 1 _aEngland:
_bPenguin Books,
_c1964.
300 _a206 pages;
_c21 cm.
336 _atext
_btxt
_2rdacontent
337 _aunmediated
_bn
_2rdamedia
338 _avolume
_bnc
_2rdacarrier
650 0 _aİtalyan edebiyatı
_9125859
942 _2lcc
_cBK
999 _c200468073
_d86285